Apuntes sobre la Agenda Interamericana

Bibliographic Details
Main Author: Mar︢tua de Romaą, Óscar
Format: eBook
Language:Spanish
Published: Mx̌ico D.F: Plaza y Valdš Editores, 2010
Subjects:
Online Access:Acceso restringido

MARC

LEADER 00000nam a22000007a 4500
005 20130712123052.0
007 cr|||| ||||
008 130712s2010 mx |||||s|||| 00||0 spa d
020 |a 978-607-402-254-4 
035 |a 11406 
040 |a vLex 
090 |c 4442  |d 4442 
100 1 |a Mar︢tua de Romaą, Óscar 
245 1 0 |a Apuntes sobre la Agenda Interamericana  |h [Recurso electrn̤ico] /  |c Óscar Mar︢tua de Romaą  
256 |a Servicio en ln̕ea 
260 |a Mx̌ico D.F:  |b Plaza y Valdš Editores,  |c 2010 
300 |a 1 recurso electrn̤ico 
506 1 |a Contenido solo disponible en los productos indicados  |d vLex Global  |d vLex Global (Academic Edition, excluding Law Schools)  |d vLex Global (U.S. Academic Edition, Law Schools)  |d vLex Global (U.S. Academic Edition, excluding Law Schools)  |d vLex Global (Academic Edition, Law Schools) 
650 0 4 |a Derecho internacional 
740 0 |a vLex Libros (Servicio en ln̕ea) 
856 4 0 |u http://vlex.com/source/apuntes-agenda-interamericana-11406  |z Acceso restringido 
942 |c BOOK 
999 0 |a  International law